[Event "Ayvalik Mandalina"]
[Site "Ayvalik"]
[Date "2023.12.02"]
[Round "9.1"]
[White "Omidi, Arya"]
[Black "Nikolov, Sasho"]
[Result "1-0"]
[WhiteElo "2301"]
[BlackElo "2246"]
[PlyCount "69"]
[EventDate "2023.11.28"]
[EventType "schev"]
[EventRounds "10"]
[EventCountry "TUR"]
[SourceTitle "CB49_2023"]
[SourceDate "2023.12.06"]
[SourceVersion "1"]
[SourceVersionDate "2023.12.06"]
[SourceQuality "1"]
[WhiteTeam "Stars"]
[BlackTeam "Masters"]
[WhiteTeamCountry "TUR"]
[BlackTeamCountry "TUR"]

1. e4 c5 2. Nf3 d6 3. Bb5+ Nd7 4. Ba4 Ngf6 5. 0-0 e5 6. d3 Be7 7. c4 0-0 8. Nc3 Nb6 9. Bc2 Ne8 10. a3 Bg4 11. h3 Bxf3 12. Qxf3 Bg5 13. b4 Bxc1 14. Rfxc1 Nc7 15. Qe3 Ne6 16. Bd1 Nd4 17. Rcb1 Nd7 18. Ra2 b6 19. g3 Kh8 20. a4 cxb4 21. Rxb4 Nc5 22. Nb5 f5 23. Nxd4 f4 24. gxf4 exd4 25. Qg3 g6 26. Rb5 Ne6 27. f5 gxf5 28. Rxf5 Rxf5 29. exf5 Ng7 30. Bf3 Rc8 31. Bd5 Qf6 32. Re2 Rf8 33. Qg4 Re8 34. Rxe8+ Nxe8 35. Qg8# 1-0

[Event "Ayvalik Mandalina"]
[Site "Ayvalik"]
[Date "2023.12.01"]
[Round "8.2"]
[White "Nikolov, Sasho"]
[Black "Karaoglan, Kivanc"]
[Result "0-1"]
[WhiteElo "2246"]
[BlackElo "2220"]
[PlyCount "104"]
[EventDate "2023.11.28"]
[EventType "schev"]
[EventRounds "10"]
[EventCountry "TUR"]
[SourceTitle "CB49_2023"]
[SourceDate "2023.12.06"]
[SourceVersion "1"]
[SourceVersionDate "2023.12.06"]
[SourceQuality "1"]
[WhiteTeam "Masters"]
[BlackTeam "Stars"]
[WhiteTeamCountry "TUR"]
[BlackTeamCountry "TUR"]

1. e4 e6 2. d4 d5 3. Nc3 Nf6 4. e5 Nfd7 5. f4 c5 6. Nf3 Nc6 7. Be3 a6 8. Qd2 b5 9. a3 Qa5 10. dxc5 Bxc5 11. Bxc5 Nxc5 12. Nd4 Nxd4 13. Qxd4 Ne4 14. b4 Qc7 15. Nxe4 dxe4 16. c4 bxc4 17. Rc1 0-0 18. Bxc4 Rd8 19. Qe3 Qd7 20. 0-0 Bb7 21. Be2 Bd5 22. Rc3 Rdc8 23. Rfc1 Rxc3 24. Rxc3 h6 25. Kf2 Rc8 26. Rxc8+ Qxc8 27. Qc5 Qd8 28. g3 g5 29. Bxa6 gxf4 30. Qc8 e3+ 31. Ke1 Qxc8 32. Bxc8 f3 33. Ba6 Kf8 34. Bd3 Ke7 35. a4 Kd7 36. g4 Kc6 37. a5 f2+ 38. Ke2 Bg2 39. Kxe3 f1Q 40. b5+ Kb7 41. Bxf1 Bxf1 42. b6 Bh3 43. Kf4 Kc6 44. Kg3 Bf1 45. h4 Ba6 46. h5 Kd5 47. Kf4 f6 48. exf6 e5+ 49. Kg3 Ke6 50. g5 hxg5 51. Kg4 Kxf6 52. h6 e4 0-1

[Event "Ayvalik Portakal"]
[Site "Ayvalik"]
[Date "2023.11.15"]
[Round "9"]
[White "Ersoz, Teoman Guney"]
[Black "Nikolov, Sasho"]
[Result "0-1"]
[WhiteElo "2269"]
[BlackElo "2246"]
[PlyCount "84"]
[EventDate "2023.11.11"]
[EventType "schev"]
[EventRounds "10"]
[EventCountry "TUR"]
[SourceTitle "CB47_2023"]
[SourceDate "2023.11.22"]
[SourceVersion "1"]
[SourceVersionDate "2023.11.22"]
[SourceQuality "1"]
[WhiteTeam "Stars"]
[BlackTeam "Masters"]

1. e4 c5 2. Nf3 d6 3. d4 cxd4 4. Nxd4 Nf6 5. Nc3 a6 6. Bg5 e6 7. f4 Nbd7 8. Qf3 Qc7 9. 0-0-0 b5 10. a3 Bb7 11. g4 Be7 12. Bxf6 gxf6 13. f5 e5 14. Nb3 Rc8 15. Be2 Nb6 16. Rd2 Na4 17. Nd5 Bxd5 18. exd5 Bd8 19. h4 Qa7 20. Bd3 Bb6 21. Re1 h6 22. g5 hxg5 23. hxg5 fxg5 24. f6 Kd8 25. Qg3 Kc7 26. Bf5 Rcg8 27. Rh2 Bd4 28. Rxh8 Bxb2+ 29. Kb1 Rxh8 30. Qxg5 Qf2 31. Qg1 Qxg1 32. Rxg1 Rh6 33. Rg7 Rxf6 34. Be6 Kb6 35. Rxf7 Rxf7 36. Bxf7 Bxa3 37. Ka2 Bb4 38. Nc1 Bd2 39. Nb3 Be3 40. Be6 a5 41. Ka3 Nc3 42. Kb2 Nd1+ 0-1

[Event "Plovdiv Tringov Memorial 45th"]
[Site "Plovdiv"]
[Date "2023.08.08"]
[Round "3"]
[White "Nikolov, Sasho"]
[Black "Kamenov, Valentin"]
[Result "1-0"]
[WhiteElo "2224"]
[BlackElo "1664"]
[PlyCount "51"]
[EventDate "2023.08.06"]
[EventType "swiss"]
[EventRounds "9"]
[EventCountry "BUL"]
[SourceTitle "EXT 2024"]
[Source "ChessBase"]
[SourceDate "2023.10.10"]
[SourceVersion "1"]
[SourceVersionDate "2023.10.10"]
[SourceQuality "1"]

1. e4 d6 2. d4 Nf6 3. Nc3 g6 4. Nf3 Bg7 5. Be2 0-0 6. 0-0 c6 7. a4 a5 8. h3 Na6 9. Re1 Qc7 10. Bf4 Nh5 11. Bh2 e5 12. Qd2 Nb4 13. Rad1 Nf4 14. Bxf4 exf4 15. Bc4 Kh8 16. Bb3 f5 17. e5 Bh6 18. d5 cxd5 19. Nb5 Qb6 20. e6 Re8 21. Bxd5 Bg7 22. c3 Nxd5 23. Qxd5 Be5 24. Nxe5 dxe5 25. Qxe5+ Kg8 26. Nc7 1-0

[Event "Plovdiv Tringov Memorial 45th"]
[Site "Plovdiv"]
[Date "2023.08.08"]
[Round "4"]
[White "Tilicheev, Viacheslav"]
[Black "Nikolov, Sasho"]
[Result "1/2-1/2"]
[WhiteElo "2489"]
[BlackElo "2224"]
[PlyCount "29"]
[EventDate "2023.08.06"]
[EventType "swiss"]
[EventRounds "9"]
[EventCountry "BUL"]
[SourceTitle "EXT 2024"]
[Source "ChessBase"]
[SourceDate "2023.10.10"]
[SourceVersion "1"]
[SourceVersionDate "2023.10.10"]
[SourceQuality "1"]

1. d4 Nf6 2. c4 e6 3. Nc3 Bb4 4. Nf3 c5 5. g3 d5 6. cxd5 Nxd5 7. Bd2 0-0 8. Nxd5 Bxd2+ 9. Qxd2 Qxd5 10. dxc5 Qxc5 11. Bg2 Nc6 12. Rc1 Qb6 13. 0-0 Rd8 14. Qc2 h6 15. Rfd1 1/2-1/2

[Event "BUL-ch"]
[Site "Sofia"]
[Date "2023.01.27"]
[Round "8"]
[White "Dimitrov, Radoslav"]
[Black "Nikolov, Sasho"]
[Result "1/2-1/2"]
[WhiteElo "2501"]
[BlackElo "2222"]
[PlyCount "133"]
[EventDate "2023.01.21"]
[EventType "swiss"]
[EventRounds "9"]
[EventCountry "BUL"]
[SourceTitle "CBM 212 Extra"]
[Source "ChessBase"]
[SourceDate "2023.03.31"]
[SourceVersion "1"]
[SourceVersionDate "2023.03.31"]
[SourceQuality "1"]

1. c4 e6 2. Nc3 d5 3. d4 Nf6 4. Bg5 Be7 5. e3 h6 6. Bh4 0-0 7. Nf3 b6 8. cxd5 Nxd5 9. Bxe7 Qxe7 10. Nxd5 exd5 11. Rc1 Be6 12. Bd3 c5 13. dxc5 bxc5 14. 0-0 Nd7 15. Qa4 a5 16. b3 Rfb8 17. Bb5 Kf8 18. Rfd1 Nf6 19. Ne5 Rb6 20. Be2 Bf5 21. Nd3 d4 22. Bf3 Re8 23. Qxa5 Rd6 24. exd4 Bxd3 25. Rxd3 cxd4 26. Rdd1 d3 27. h3 Red8 28. Qd2 Nh7 29. Re1 Qf6 30. Rc5 Ng5 31. Bg4 Rd4 32. Rce5 g6 33. b4 Kg7 34. Bd1 Ne6 35. g3 Ng5 36. Kg2 Qc6+ 37. f3 Rc4 38. b5 Qc8 39. g4 Qa8 40. R1e3 Ne6 41. Rxe6 fxe6 42. Bb3 Rcd4 43. Rxe6 R8d7 44. Qe3 Qf8 45. Qe5+ Kh7 46. Re8 Qg7 47. Qxg7+ Kxg7 48. a3 d2 49. Bd1 Kf7 50. Rb8 Ke7 51. Kf2 Kd6 52. Rb6+ Kc5 53. Rxg6 Kxb5 54. Rxh6 Re7 55. a4+ Ka5 56. Rh5+ Ka6 57. Rb5 Re1 58. Rb1 Ka7 59. h4 Rc4 60. h5 Rc1 61. Rb2 Rcxd1 62. Rxd2 Rf1+ 63. Kg2 Rg1+ 64. Kf2 Rgf1+ 65. Kg2 Rg1+ 66. Kf2 Rgf1+ 67. Kg2 1/2-1/2

[Event "BUL-ch"]
[Site "Sofia"]
[Date "2023.01.22"]
[Round "2"]
[White "Petrov, Martin"]
[Black "Nikolov, Sasho"]
[Result "1/2-1/2"]
[WhiteElo "2535"]
[BlackElo "2222"]
[PlyCount "81"]
[EventDate "2023.01.21"]
[EventType "swiss"]
[EventRounds "9"]
[EventCountry "BUL"]
[SourceTitle "CBM 212 Extra"]
[Source "ChessBase"]
[SourceDate "2023.03.31"]
[SourceVersion "1"]
[SourceVersionDate "2023.03.31"]
[SourceQuality "1"]

1. e4 e6 2. d4 d5 3. Nc3 Nf6 4. e5 Nfd7 5. f4 c5 6. Nf3 Nc6 7. Be3 cxd4 8. Nxd4 Qb6 9. a3 Bc5 10. Ncb5 a6 11. Nxc6 axb5 12. Bxc5 Nxc5 13. Nd4 Bd7 14. c3 0-0 15. Bd3 f6 16. 0-0 fxe5 17. fxe5 Rxf1+ 18. Qxf1 b4 19. Qf3 Nxd3 20. Qxd3 bxa3 21. bxa3 Qb2 22. Rb1 Qxa3 23. h3 Qa6 24. Qg3 Rf8 25. Kh2 Be8 26. Qg4 Bg6 27. Rd1 Re8 28. h4 Be4 29. Re1 Qb6 30. Re3 Qc7 31. Qf4 Qf7 32. Qxf7+ Kxf7 33. Nb5 Ke7 34. Nd6 Ra8 35. Nxe4 dxe4 36. Rxe4 Rc8 37. Rb4 Rxc3 38. Rxb7+ Kf8 39. h5 Rc5 40. Rb8+ Kf7 41. Rb7+ 1/2-1/2

[Event "Balikesir Sebboy Gp"]
[Site "Balikesir"]
[Date "2022.12.25"]
[Round "5.5"]
[White "Nikolov, Sasho"]
[Black "Ozen, Metehan"]
[Result "0-1"]
[WhiteElo "2254"]
[BlackElo "2137"]
[PlyCount "92"]
[EventDate "2022.12.22"]
[EventType "team-schev"]
[EventRounds "9"]
[EventCountry "TUR"]
[SourceTitle "CBM 212 Extra"]
[Source "ChessBase"]
[SourceDate "2023.03.31"]
[SourceVersion "1"]
[SourceVersionDate "2023.03.31"]
[SourceQuality "1"]
[WhiteTeam "Team C"]
[BlackTeam "Team A"]
[WhiteTeamCountry "BUL"]
[BlackTeamCountry "TUR"]

1. e4 e5 2. Nf3 Nc6 3. Bb5 a6 4. Ba4 Nf6 5. 0-0 Be7 6. Re1 b5 7. Bb3 0-0 8. d3 d6 9. c3 Na5 10. Bc2 c5 11. Nbd2 Nc6 12. Nf1 Re8 13. Ng3 h6 14. h3 Bf8 15. a3 g6 16. b4 a5 17. bxc5 dxc5 18. a4 b4 19. Bb2 Ba6 20. c4 Nd4 21. Nf1 Bg7 22. Ne3 Bb7 23. Nd5 Bxd5 24. cxd5 Nd7 25. Bb3 Nb6 26. Nd2 Kh7 27. Rc1 Rc8 28. Bxd4 cxd4 29. Rc6 Rxc6 30. dxc6 Qd6 31. Qc2 Rc8 32. Rc1 Bf6 33. Nc4 Nxc4 34. Qxc4 Rc7 35. Qb5 Be7 36. g3 Ra7 37. Qc4 Bd8 38. h4 h5 39. Kg2 Kg7 40. Rc2 Bb6 41. f4 exf4 42. Rf2 fxg3 43. Rxf7+ Rxf7 44. Qxf7+ Kh6 45. Be6 Bc7 46. Qe8 Qe5 0-1

[Event "Balikesir Krizantem Gp"]
[Site "Balikesir"]
[Date "2022.12.20"]
[Round "8.3"]
[White "Nikolov, Sasho"]
[Black "Sahin, Ozgun"]
[Result "1-0"]
[WhiteElo "2254"]
[BlackElo "2254"]
[PlyCount "63"]
[EventDate "2022.12.15"]
[EventType "team-schev"]
[EventRounds "9"]
[EventCountry "TUR"]
[SourceTitle "CBM 212 Extra"]
[Source "ChessBase"]
[SourceDate "2023.03.31"]
[SourceVersion "1"]
[SourceVersionDate "2023.03.31"]
[SourceQuality "1"]
[WhiteTeam "Team B"]
[BlackTeam "Team D"]
[WhiteTeamCountry "TUR"]
[BlackTeamCountry "TUN"]

1. d4 c5 2. d5 e5 3. e4 d6 4. Nf3 Nf6 5. Nc3 Be7 6. Be2 0-0 7. 0-0 Ne8 8. h3 g6 9. Bh6 Ng7 10. Qd2 f5 11. Ng5 f4 12. Ne6 Bxe6 13. dxe6 Nc6 14. a4 Nd4 15. Nb5 Bg5 16. Bc4 Kh8 17. Bxg5 Qxg5 18. Ra3 Qe7 19. Rd3 f3 20. g3 Ngxe6 21. Bxe6 Qxe6 22. Kh2 Rad8 23. Rd1 a6 24. Nc7 Qd7 25. Nd5 Qxa4 26. c3 Nb3 27. Qh6 Rf7 28. Ne3 Qc6 29. Nc4 Rfd7 30. Nxe5 Qxe4 31. Nxd7 Qe2 32. Rg1 1-0

[Event "Balikesir Krizantem Gp"]
[Site "Balikesir"]
[Date "2022.12.16"]
[Round "2.3"]
[White "Nikolov, Sasho"]
[Black "Ozsakallioglu, Okan"]
[Result "1-0"]
[WhiteElo "2254"]
[BlackElo "2258"]
[PlyCount "77"]
[EventDate "2022.12.15"]
[EventType "team-schev"]
[EventRounds "9"]
[EventCountry "TUR"]
[SourceTitle "CBM 212 Extra"]
[Source "ChessBase"]
[SourceDate "2023.03.31"]
[SourceVersion "1"]
[SourceVersionDate "2023.03.31"]
[SourceQuality "1"]
[WhiteTeam "Team B"]
[BlackTeam "Team D"]
[WhiteTeamCountry "TUR"]
[BlackTeamCountry "TUN"]

1. d4 d5 2. c4 c6 3. Nc3 Nf6 4. e3 Bf5 5. cxd5 cxd5 6. Qb3 Bc8 7. Nf3 e6 8. Bb5+ Nbd7 9. Bd2 Be7 10. 0-0 0-0 11. Rfc1 Rb8 12. a4 b6 13. Bd3 a6 14. Na2 Ne4 15. Be1 a5 16. Nc3 Nxc3 17. bxc3 Bd6 18. c4 dxc4 19. Rxc4 Bb7 20. e4 e5 21. Rd1 Qe7 22. Bb1 Rfd8 23. Qb5 Ba8 24. h3 exd4 25. Nxd4 Nc5 26. Nf5 Qe5 27. f4 Qxf4 28. Bg3 Qxg3 29. Nxg3 Bxg3 30. Rxd8+ Rxd8 31. Rd4 Rc8 32. Qxb6 Ne6 33. Rd1 Bc7 34. Qa6 Rb8 35. Kf1 h6 36. Ba2 Bb7 37. Qa7 Rd8 38. Rxd8+ Nxd8 39. Bd5 1-0

[Event "Balikesir Papatya Gp"]
[Site "Balikesir"]
[Date "2022.12.13"]
[Round "8.6"]
[White "Nikolov, Sasho"]
[Black "Eren, Ataberk"]
[Result "0-1"]
[WhiteElo "2254"]
[BlackElo "2295"]
[PlyCount "120"]
[EventDate "2022.12.08"]
[EventType "team-schev"]
[EventRounds "9"]
[EventCountry "TUR"]
[SourceTitle "CBM 212 Extra"]
[Source "ChessBase"]
[SourceDate "2023.03.31"]
[SourceVersion "1"]
[SourceVersionDate "2023.03.31"]
[SourceQuality "1"]
[WhiteTeam "Team A"]
[BlackTeam "Team C"]
[WhiteTeamCountry "BUL"]
[BlackTeamCountry "TUR"]

1. e4 e6 2. d4 d5 3. Nd2 c5 4. Ngf3 cxd4 5. Nxd4 Nc6 6. Nxc6 bxc6 7. Bd3 Nf6 8. 0-0 Bc5 9. Qf3 0-0 10. Re1 Bb6 11. c3 a5 12. a4 Ba6 13. Bc2 e5 14. b3 Re8 15. Bb2 Qd7 16. h3 Rad8 17. Rad1 Qa7 18. b4 h6 19. Bc1 Rd6 20. exd5 cxd5 21. b5 Bb7 22. Qg3 Rde6 23. Nf1 Ne4 24. Bxe4 dxe4 25. Be3 Rg6 26. Bxb6 Qxb6 27. Qe3 Qe6 28. Kh2 f5 29. Qa7 Qc8 30. c4 e3 31. Nxe3 Re7 32. Qxa5 Qc5 33. Rd8+ Kh7 34. Qd2 f4 35. Nd5 Qxc4 36. f3 Ree6 37. Rc1 Qxa4 38. Rc7 Qxb5 39. Ne7 Rxe7 40. Rxe7 Bxf3 41. Rdd7 Bxg2 42. Qc2 Be4 43. Rxg7+ Rxg7 44. Qxe4+ Kh8 45. Rd8+ Rg8 46. Rxg8+ Kxg8 47. Qg6+ Kf8 48. Qxh6+ Ke7 49. Qg5+ Ke6 50. Qg8+ Kd6 51. Qd8+ Qd7 52. Qf6+ Kd5 53. h4 Ke4 54. Qg6+ Ke3 55. Qg1+ Ke2 56. Qg2+ Kd3 57. Qf3+ Kc2 58. Qe4+ Qd3 59. Qxe5 Qg3+ 60. Kh1 Qh3+ 0-1

[Event "Balikesir Papatya Gp"]
[Site "Balikesir"]
[Date "2022.12.11"]
[Round "6.3"]
[White "Eke, Salih"]
[Black "Nikolov, Sasho"]
[Result "1-0"]
[WhiteElo "2192"]
[BlackElo "2254"]
[PlyCount "67"]
[EventDate "2022.12.08"]
[EventType "team-schev"]
[EventRounds "9"]
[EventCountry "TUR"]
[SourceTitle "CBM 212 Extra"]
[Source "ChessBase"]
[SourceDate "2023.03.31"]
[SourceVersion "1"]
[SourceVersionDate "2023.03.31"]
[SourceQuality "1"]
[WhiteTeam "Team B"]
[BlackTeam "Team A"]
[WhiteTeamCountry "TUR"]
[BlackTeamCountry "BUL"]

1. d4 Nf6 2. c4 e6 3. Nf3 c5 4. d5 exd5 5. cxd5 d6 6. Nc3 g6 7. Nd2 b5 8. Nxb5 Nxd5 9. Nc4 Bb7 10. e4 a6 11. Nbxd6+ Bxd6 12. exd5 0-0 13. Be2 Re8 14. Be3 Bf8 15. Bf3 Nd7 16. 0-0 Ne5 17. Nxe5 Rxe5 18. Qd2 Rf5 19. Rfd1 Rxf3 20. gxf3 Qf6 21. Kg2 Qf5 22. Qd3 Qh5 23. Qe4 Rd8 24. Qg4 Rxd5 25. Qxh5 Rxh5 26. Rd8 Kg7 27. Bd2 Rf5 28. Bc3+ Kg8 29. Re1 Bxf3+ 30. Kg3 Bc6 31. f4 g5 32. Re5 gxf4+ 33. Kf2 Rf6 34. Ree8 1-0

[Event "Balikesir Papatya Gp"]
[Site "Balikesir"]
[Date "2022.12.10"]
[Round "4.4"]
[White "Nikolov, Sasho"]
[Black "Ozsakallioglu, Okan"]
[Result "0-1"]
[WhiteElo "2254"]
[BlackElo "2258"]
[PlyCount "102"]
[EventDate "2022.12.08"]
[EventType "team-schev"]
[EventRounds "9"]
[EventCountry "TUR"]
[SourceTitle "CBM 212 Extra"]
[Source "ChessBase"]
[SourceDate "2023.03.31"]
[SourceVersion "1"]
[SourceVersionDate "2023.03.31"]
[SourceQuality "1"]
[WhiteTeam "Team A"]
[BlackTeam "Team D"]
[WhiteTeamCountry "BUL"]
[BlackTeamCountry "TUR"]

1. d4 d5 2. Bf4 c5 3. e3 cxd4 4. exd4 Nc6 5. c3 Bf5 6. Nf3 e6 7. Qb3 Qd7 8. Nbd2 f6 9. Be2 g5 10. Bg3 h5 11. h4 g4 12. Nh2 Nge7 13. Nhf1 Bh6 14. Qa3 Bg6 15. Nb3 b6 16. Nc1 Nf5 17. Bb5 Kf7 18. Qa4 Rhc8 19. Ne2 a6 20. Bxc6 Rxc6 21. Bf4 b5 22. Qd1 Bg7 23. Ne3 b4 24. cxb4 e5 25. dxe5 fxe5 26. Bg5 d4 27. Nxf5 Qxf5 28. Qb3+ Qe6 29. Qxe6+ Kxe6 30. Rc1 Rac8 31. 0-0 Rc2 32. Rfe1 Kd5 33. Red1 Ke6 34. Rxc2 Rxc2 35. Rd2 Rc4 36. a3 Bc2 37. Ng3 e4 38. Nxh5 Bh8 39. Nf4+ Kf5 40. Nd5 Be5 41. Nb6 Rc6 42. Nd5 Ke6 43. b5 Rc5 44. bxa6 Kxd5 45. a7 Ra5 46. Rxc2 Rxa7 47. g3 e3 48. fxe3 d3 49. Rd2 Ke4 50. Kf2 Rb7 51. b4 Rc7 0-1

[Event "Balikesir Papatya Gp"]
[Site "Balikesir"]
[Date "2022.12.09"]
[Round "3.5"]
[White "Nikolov, Sasho"]
[Black "Gunduz, Umut Erdem"]
[Result "0-1"]
[WhiteElo "2254"]
[BlackElo "2245"]
[PlyCount "82"]
[EventDate "2022.12.08"]
[EventType "team-schev"]
[EventRounds "9"]
[EventCountry "TUR"]
[SourceTitle "CBM 212 Extra"]
[Source "ChessBase"]
[SourceDate "2023.03.31"]
[SourceVersion "1"]
[SourceVersionDate "2023.03.31"]
[SourceQuality "1"]
[WhiteTeam "Team A"]
[BlackTeam "Team D"]
[WhiteTeamCountry "BUL"]
[BlackTeamCountry "TUR"]

1. d4 Nf6 2. Nf3 e6 3. Bf4 c5 4. e3 Qb6 5. Nc3 cxd4 6. exd4 d6 7. Be2 Be7 8. 0-0 0-0 9. a4 a6 10. a5 Qc7 11. Qd3 Nc6 12. Qc4 Nh5 13. d5 Nxf4 14. Qxf4 Nxa5 15. Ra3 e5 16. Qb4 b6 17. Rfa1 Bb7 18. Nd2 Rab8 19. Ra4 f5 20. Qa3 Bg5 21. Nf1 Bf6 22. Rd1 e4 23. g4 g6 24. Ng3 Bc8 25. gxf5 gxf5 26. Bf1 Be5 27. Kh1 Bd7 28. Bxa6 Bxa4 29. Qxa4 Kh8 30. Nce2 Ra8 31. Nd4 Rxa6 32. Ne6 b5 33. Qxb5 Qxc2 34. Rg1 Raa8 35. Nxf8 Rxf8 36. Qxa5 f4 37. Nf5 Qxf2 38. Nh6 Qf3+ 39. Rg2 Qf1+ 40. Rg1 Qf3+ 41. Rg2 Qh5 0-1

[Event "SRB Central-ch"]
[Site "Pirot"]
[Date "2022.11.16"]
[Round "1"]
[White "Nikolov, Sasho"]
[Black "Grozdanovic, Anastasia"]
[Result "0-1"]
[WhiteElo "2271"]
[BlackElo "1870"]
[PlyCount "84"]
[EventDate "2022.11.16"]
[EventType "swiss"]
[EventRounds "9"]
[EventCountry "SRB"]
[SourceTitle "CBM 211 Extra"]
[Source "ChessBase"]
[SourceDate "2023.01.31"]
[SourceVersion "1"]
[SourceVersionDate "2023.01.31"]
[SourceQuality "1"]

1. d4 d5 2. Bf4 Nf6 3. e3 e6 4. Nd2 c5 5. c3 Bd6 6. Bg3 Nc6 7. Ngf3 a6 8. Bd3 cxd4 9. exd4 b5 10. 0-0 Bxg3 11. hxg3 Qd6 12. Re1 Nd7 13. a4 bxa4 14. Qxa4 0-0 15. Qa3 Qc7 16. Nb3 Bb7 17. Nc5 Rfb8 18. b4 Nxc5 19. bxc5 a5 20. Qc1 Ba6 21. Bc2 Bc4 22. Qg5 h6 23. Qd2 Kf8 24. Ba4 Bb5 25. Bxb5 Rxb5 26. Qd3 Rb3 27. Qh7 Ne7 28. Rac1 Ra6 29. Ne5 f6 30. Qh8+ Ng8 31. Ng6+ Kf7 32. Nf4 Qc8 33. c4 dxc4 34. d5 exd5 35. Nxd5 Qxc5 36. Re8 Kxe8 37. Qxg8+ Kd7 38. Re1 Kc6 39. Re8 Kb5 40. Rc8 Rc6 41. Ra8 Ka4 42. Qd8 Rd3 0-1

[Event "Shumen Ivanov Memorial"]
[Site "Shumen"]
[Date "2022.07.30"]
[Round "5"]
[White "Petrov, Martin"]
[Black "Nikolov, Sasho"]
[Result "1-0"]
[WhiteElo "2534"]
[BlackElo "2227"]
[PlyCount "112"]
[EventDate "2022.07.30"]
[EventType "swiss (rapid)"]
[EventRounds "9"]
[EventCountry "BUL"]
[SourceTitle "CBM 209 Extra"]
[Source "ChessBase"]
[SourceDate "2022.09.30"]
[SourceVersion "1"]
[SourceVersionDate "2022.09.30"]
[SourceQuality "1"]

1. e4 e5 2. Nf3 Nc6 3. Bc4 Bc5 4. 0-0 Nf6 5. d3 d6 6. c3 0-0 7. Re1 h6 8. Nbd2 a6 9. a4 Ba7 10. h3 Ne7 11. d4 Ng6 12. Bd3 Re8 13. a5 Nh5 14. Bf1 Nhf4 15. Nc4 Qf6 16. Be3 exd4 17. Bxd4 Ne5 18. Kh2 Bxd4 19. cxd4 Nxc4 20. Bxc4 Qg6 21. Nh4 Qg5 22. g3 Nxh3 23. Qf3 Rf8 24. Nf5 g6 25. Kxh3 gxf5 26. Kg2 Kg7 27. e5 Qg6 28. Rh1 dxe5 29. dxe5 Bd7 30. Bd5 c6 31. Bc4 Rad8 32. Rh4 Be6 33. Rah1 Rh8 34. Bxe6 fxe6 35. Rb4 Rd7 36. Rd1 Qf7 37. Rd6 Rhd8 38. Rh4 Rxd6 39. exd6 Qf6 40. Rb4 Rxd6 41. Rxb7+ Kg6 42. Rb8 Qd4 43. Rg8+ Kf7 44. Ra8 Qd5 45. Rxa6 Qxf3+ 46. Kxf3 Kf6 47. Rb6 Rd5 48. b4 c5 49. b5 Rd3+ 50. Ke2 Ra3 51. a6 Ke5 52. Rb7 Ke4 53. a7 Ra2+ 54. Kd1 c4 55. b6 c3 56. Rb8 Kd5 1-0

[Event "Primorsko op"]
[Site "Primorsko"]
[Date "2021.09.21"]
[Round "9"]
[White "Nikolov, Sasho"]
[Black "Daskalov, Dimitar"]
[Result "1/2-1/2"]
[WhiteElo "2280"]
[BlackElo "2319"]
[PlyCount "104"]
[EventDate "2021.09.13"]
[EventType "swiss"]
[EventRounds "9"]
[EventCountry "BUL"]
[SourceTitle "CBM 204 Extra"]
[Source "ChessBase"]
[SourceDate "2021.11.30"]
[SourceVersion "1"]
[SourceVersionDate "2021.11.30"]
[SourceQuality "1"]

1. c4 e5 2. Nc3 Nc6 3. Nf3 g6 4. d4 exd4 5. Nxd4 Bg7 6. Nc2 Nf6 7. g3 d6 8. Bg2 Be6 9. Ne3 0-0 10. 0-0 Re8 11. Ned5 Ne5 12. b3 Nxc4 13. bxc4 Nxd5 14. cxd5 Bxc3 15. dxe6 Bxa1 16. exf7+ Kxf7 17. Bxb7 Rb8 18. Bc6 Bf6 19. Bxe8+ Qxe8 20. Be3 Qe4 21. Qc1 c5 22. Qa3 Rb7 23. Qa6 c4 24. Qxd6 c3 25. Qc5 c2 26. f3 Qf5 27. Qc6 Re7 28. Kf2 Qe5 29. Qc4+ Kg7 30. Qf4 Qd5 31. Bc1 Qd1 32. Qc4 Bd4+ 33. e3 Rxe3 34. Qxd4+ Qxd4 35. Bxe3 Qc4 36. a3 a5 37. Re1 a4 38. h4 h6 39. Bc1 Qd3 40. Re4 Qd1 41. Re1 Qd5 42. Re4 g5 43. hxg5 hxg5 44. g4 Qd1 45. Re1 Qd4+ 46. Kf1 Kf7 47. Kg2 Qd6 48. Kf2 Qh2+ 49. Kf1 Qg3 50. Re3 Qh3+ 51. Kg1 Qg3+ 52. Kf1 Qh3+ 1/2-1/2

[Event "Primorsko op"]
[Site "Primorsko"]
[Date "2021.09.17"]
[Round "5"]
[White "Borsuk, Konstantin"]
[Black "Nikolov, Sasho"]
[Result "1-0"]
[WhiteElo "2425"]
[BlackElo "2280"]
[PlyCount "105"]
[EventDate "2021.09.13"]
[EventType "swiss"]
[EventRounds "9"]
[EventCountry "BUL"]
[SourceTitle "CBM 204 Extra"]
[Source "ChessBase"]
[SourceDate "2021.11.30"]
[SourceVersion "1"]
[SourceVersionDate "2021.11.30"]
[SourceQuality "1"]

1. d4 Nf6 2. c4 e6 3. Nc3 d5 4. cxd5 exd5 5. Bg5 c6 6. e3 Bf5 7. Qf3 Bg6 8. Bxf6 gxf6 9. Qd1 Nd7 10. Bd3 f5 11. Qc2 Qg5 12. g3 Qh5 13. Qb3 Rb8 14. h4 Nf6 15. Be2 Ng4 16. Qa4 Kd8 17. Qxa7 Bd6 18. Nh3 Re8 19. Nf4 Qh6 20. h5 f6 21. Rh4 Bf7 22. Bxg4 fxg4 23. Rxg4 Ke7 24. Qa4 Bxf4 25. Rxf4 Qxh5 26. Qb4+ Ke6 27. Kd2 Bg6 28. Qb6 Re7 29. Qb3 Kf7 30. Qd1 Qg5 31. Qg4 Kg7 32. a3 Rbe8 33. Rh1 b6 34. Qf3 h5 35. Rhh4 Rd8 36. Qh1 c5 37. g4 cxd4 38. Rxd4 Qe5 39. gxh5 Bh7 40. h6+ Kh8 41. Rh5 f5 42. Qh2 Qe6 43. Qf4 Bg6 44. Rg5 Kh7 45. Rg1 Qc6 46. Rc1 Qe6 47. Nb5 Rdd7 48. Rc8 Qf6 49. Nc3 Re6 50. Nxd5 Qf7 51. Qb8 Kxh6 52. Qh2+ Bh5 53. Rh8+ 1-0

[Event "Stara Zagora Trayana Spring"]
[Site "Stara Zagora"]
[Date "2021.03.20"]
[Round "3"]
[White "Andonov, Velin"]
[Black "Nikolov, Sasho"]
[Result "0-1"]
[WhiteElo "1984"]
[BlackElo "2288"]
[PlyCount "90"]
[EventDate "2021.03.20"]
[EventType "swiss"]
[EventRounds "7"]
[EventCountry "BUL"]
[SourceTitle "EXT 2022"]
[Source "ChessBase"]
[SourceDate "2021.10.06"]
[SourceVersion "1"]
[SourceVersionDate "2021.10.06"]
[SourceQuality "1"]

1. d4 Nf6 2. c4 e6 3. Nc3 Bb4 4. e3 0-0 5. Nge2 d5 6. a3 Bd6 7. c5 Be7 8. b4 Nbd7 9. Bb2 c6 10. Ng3 Re8 11. f4 Bf8 12. Bd3 g6 13. 0-0 h5 14. Qc2 Bg7 15. Nh1 Ng4 16. Rae1 Qh4 17. h3 Nh6 18. Qf2 Qf6 19. Ng3 h4 20. Nge2 Nf5 21. Kh2 Nf8 22. Nd1 b6 23. e4 dxe4 24. Bxe4 Ba6 25. Bxc6 Bxe2 26. Rxe2 Ng3 27. Bxa8 Rxa8 28. Ne3 Nxe2 29. Qxe2 bxc5 30. bxc5 Rb8 31. Nc4 Qf5 32. Ne5 Nh7 33. Bc1 Nf6 34. Rf3 Nd5 35. Qd3 Rb1 36. Qxf5 gxf5 37. Bd2 Rd1 38. Rf2 Kf8 39. g3 Bh6 40. Nd3 hxg3+ 41. Kxg3 Nf6 42. Kf3 Ne4 43. Re2 Nxd2+ 44. Ke3 Nc4+ 45. Kf3 Rxd3+ 0-1

[Event "Primorsko op"]
[Site "Primorsko"]
[Date "2020.09.22"]
[Round "9"]
[White "Danov, Lyubomir"]
[Black "Nikolov, Sasho"]
[Result "1/2-1/2"]
[WhiteElo "2344"]
[BlackElo "2345"]
[PlyCount "35"]
[EventDate "2020.09.14"]
[EventType "swiss"]
[EventRounds "9"]
[EventCountry "BUL"]
[SourceTitle "CBM 198 Extra"]
[Source "ChessBase"]
[SourceDate "2020.11.30"]
[SourceVersion "1"]
[SourceVersionDate "2020.11.30"]
[SourceQuality "1"]

1. d4 d5 2. c4 e6 3. Nf3 Nf6 4. Bg5 Be7 5. cxd5 exd5 6. Nc3 c6 7. e3 Bf5 8. Bxf6 Bxf6 9. Bd3 Bg6 10. 0-0 Nd7 11. b4 a6 12. a4 b5 13. a5 Be7 14. Rb1 0-0 15. Ne2 Bd6 16. Nf4 Be4 17. Bc2 Qe7 18. Nd3 1/2-1/2